=LDR 00000nam 2200000 4500 =001 INLIS000000000045244 =005 20150109151955.0 =006 =007 =008 =035 ##$$0010-011500000000070 =082 ##$$a 741.5 =090 ##$$a 741.5 $b spo s =100 ##$$a blind spot $t jackie chan seri tokoh populer =245 ##$$a jackie chan seri tokoh populer =260 ##$$a Jakarta $b PT. Elexmedia komputindo $c 2010 =300 ##$$a 64 hlm $b ilus $c 23 cm =850 ##$$a NBPMAT =990 ##$$a 0001/BPAP-NTB/20142015